National automobiles division (Part A & B) MAR-1332 and 133 (Record no. 210043)

MARC details
000 -LEADER
fixed length control field 00488nam a2200145Ia 4500
008 - FIXED-LENGTH DATA ELEMENTS--GENERAL INFORMATION
fixed length control field 231221s9999 xx 000 0 und d
041 ## - LANGUAGE CODE
Language code of text/sound track or separate title English
100 ## - MAIN ENTRY--PERSONAL NAME
Personal name Sundar Ram, K S. Khurana, Rakesh.
245 #0 - TITLE STATEMENT
Title National automobiles division (Part A & B) MAR-1332 and 133
260 ## - PUBLICATION, DISTRIBUTION, ETC.
Date of publication, distribution, etc. 1975
Name of publisher, distributor, etc. Indian institute of Management
Place of publication, distribution, etc. Ahmedebad
300 ## - PHYSICAL DESCRIPTION
Extent 13 p. + 14 p.
500 ## - GENERAL NOTE
General note This case studie has 2 parts A & B
650 ## - SUBJECT ADDED ENTRY--TOPICAL TERM
Topical term or geographic name entry element National,automobiles,division,(Part,B),MAR-133
942 ## - ADDED ENTRY ELEMENTS (KOHA)
Koha item type Case Studies
Holdings
Date last seen Total checkouts Accession number Cost, total (INR) price Price effective from Category Lost status Damaged status Department Withdrawn status Home library Current library Shelving location Entry date Vendor Cost, normal purchase price Grants Billnumber Billdate Currency symbol Conversion rate Discount Old discount
26/01/2024   CS18 1000.00 26/01/2024 Case Studies     MBA   Central Library Central Library MBA   IIMA 1000.00 MBA C-129 18/02/2013 RS 1    

© For any Suggestions or Query, please contact the library staff @ librarian@pes.edu or Phone: +9180 2672 1983/ 2108.